Представление документа в формате MARC21

ПолеНазваниеЗначение
  Тип записи a
  Библиографический уровень m
001 Контрольный номер RU/URAIT/589547
005 Дата корректировки 20260429163559.4
008 Кодируемые данные 260429s2026 RU y f j 000 0 rus u
020 Индекс ISBN __
a ISBN 978-5-534-18270-5
c Цена, тираж 1039.00
040 Источник каталогиз. __
a Служба первич. каталог. ИКО Юрайт
c Служба, преобразующая запись ИКО Юрайт
e Правила каталог. RCR
041 Код языка издания __
a Код языка текста rus
044 Код страны публикации __
a Код страны публикации RU
080 Индекс УДК __
a Индекс УДК 004.4(075.8)
084 Индекс другой классификации/Индекс ББК __
2 Источник индекса rubbk
a Индекс другой классификации/Индекс ББК 32.973я73
100 Автор __
a Автор Палий И. А.
q Полное имя Палий Ирина Абрамовна
245 Заглавие __
a Заглавие Линейное программирование
b Продолж. заглавия учебник для спо
c Ответственность И. А. Палий.
250 Сведения об издании __
g испр. и доп
a Основные сведения об издании 2-е изд.
256 Характеристики компьютерного файла __
a Характеристики компьютерного файла Электрон. дан.
260 Выходные данные __
a Место издания Москва
b Издательство Юрайт
c Дата издания 2026
300 Физическое описание __
a Объем 175 с
440 Серия __
a Серия Профессиональное образование
500 Примечания __
a Примечание URL: https://urait.ru/bcode/589547 (дата обращения: 29.04.2026).
520 Аннотация __
a Аннотация Данное учебное пособие посвящено изучению основ линейного программирования. Изложение теоретического материала сопровождается большим количеством подробно разобранных примеров решения задач, что облегчает усвоение доказательств теорем и принципов работы алгоритмов. В результате изучения данного учебного пособия студенты узнают принципы построения математических моделей задач линейного программирования, обоснование симплекс-метода решения задач линейного программирования, основы теории двойственности, основы теории потоков в сетях, обоснование метода потенциалов и венгерского алгоритма решения транспортной задачи, научатся находить решения различных задач линейного программирования с использованием изученных алгоритмов, выполнять анализ чувствительности, исследуя поведение решения в зависимости от изменения исходных параметров задачи.
538 Прим. о системных особенностях __
a Прим. о системных особенностях Режим доступа: Электронно-библиотечная система Юрайт, для авториз. пользователей
653 Ключевые слова __
a Ключевые слова Математика: общие работы
653 Ключевые слова __
a Ключевые слова Математика и статистика
653 Ключевые слова __
a Ключевые слова Экономико-математические методы
653 Ключевые слова __
a Ключевые слова Экономико-математические методы и модели
653 Ключевые слова __
a Ключевые слова Экономико-математическое моделирование
653 Ключевые слова __
a Ключевые слова Математические методы анализа экономики
653 Ключевые слова __
a Ключевые слова Математические методы экономики
653 Ключевые слова __
a Ключевые слова Математические методы в экономике
653 Ключевые слова __
a Ключевые слова Экономико-математические методы модели
653 Ключевые слова __
a Ключевые слова Моделирование логистических систем
653 Ключевые слова __
a Ключевые слова Экономико-математические модели и методы
653 Ключевые слова __
a Ключевые слова Математико-экономические методы
856 Электронный адрес документа 40
n Местонахождение сервера Юрайт
g Электронная книга
q Тип электронного формата html
h Имя пользователя ЮРАЙТ
v Часы доступа к ресурсу 20271231
2 Способ доступа Показать документ
x Служебное примечание https://urait.ru/book/cover/088EAC32-90C0-44EB-92B0-56ECD7E65560
u URL https://urait.ru/bcode/589547
856 Электронный адрес документа 48
q Тип электронного формата cover
u URL https://urait.ru/book/cover/088EAC32-90C0-44EB-92B0-56ECD7E65560
911 __
u 0030=https://urait.ru/bcode/589547
911 __
u 073a=9785534182705
u 073d=1039.00
911 __
u 106a=s
911 __
u 900l=
952 Тип литературы __
i Дисциплина Экономико-математические методы
952 Тип литературы __
i Дисциплина Экономико-математические методы и модели
952 Тип литературы __
i Дисциплина Экономико-математическое моделирование
952 Тип литературы __
i Дисциплина Математические методы анализа экономики
952 Тип литературы __
i Дисциплина Математические методы экономики
952 Тип литературы __
i Дисциплина Математические методы в экономике
952 Тип литературы __
i Дисциплина Экономико-математические методы модели
952 Тип литературы __
i Дисциплина Моделирование логистических систем
952 Тип литературы __
i Дисциплина Экономико-математические модели и методы
952 Тип литературы __
i Дисциплина Математико-экономические методы